Mercados financieros internacionales: (Registro nro. 11943)

Detalles MARC
000 -LEADER
fixed length control field 01126nam a2200265Ia 4500
003 - CONTROL NUMBER IDENTIFIER
control field OSt
005 - DATE AND TIME OF LATEST TRANSACTION
control field 20210719153928.0
008 - FIXED-LENGTH DATA ELEMENTS--GENERAL INFORMATION
fixed length control field 210310s1994 ck 00010 spa d
022 ## - INTERNATIONAL STANDARD SERIAL NUMBER
Source 01217062
040 ## - CATALOGING SOURCE
Original cataloging agency CO-JMCR
Transcribing agency CO-JMCR
041 0# - LANGUAGE CODE
Language code of text/sound track or separate title spa
082 04 - DEWEY DECIMAL CLASSIFICATION NUMBER
Classification number 338.91 /
Item number S944m
Edition number 23
100 1# - MAIN ENTRY--PERSONAL NAME
Personal name Suescun M., Fernando,
Relator term autor
9 (RLIN) 26870
245 10 - TITLE STATEMENT
Title Mercados financieros internacionales:
Remainder of title el mercado financiero de EEUU, los europeos y el sistema financiero japonés /
Statement of responsibility, etc. Fernando Suescún M. ; Alejandro Samper C.
260 ## - PUBLICATION, DISTRIBUTION, ETC.
Place of publication, distribution, etc. Colombia :
Name of publisher, distributor, etc. Tercer Mundo,
Date of publication, distribution, etc. 1994
300 ## - PHYSICAL DESCRIPTION
Extent 64 páginas ;
Dimensions 23 cm.
490 0# - SERIES STATEMENT
Series statement Finanzas :
-- Monografías ;
Volume/sequential designation 41.
501 ## - WITH NOTE
With note Con: bibliografía a pie de página, datos biográficos de los autores en tapa posterior.
505 0# - FORMATTED CONTENTS NOTE
Formatted contents note Los sistemas financieros. -- Sistemas financieros de los Estados Unidos. -- Euromercados. -- Sistemas financieros japonés.
650 14 - SUBJECT ADDED ENTRY--TOPICAL TERM
Topical term or geographic name entry element Mercado financiero internacional.
9 (RLIN) 26872
650 24 - SUBJECT ADDED ENTRY--TOPICAL TERM
Topical term or geographic name entry element Competencia económica internacional.
9 (RLIN) 7037
650 24 - SUBJECT ADDED ENTRY--TOPICAL TERM
Topical term or geographic name entry element Integración económica internacional.
9 (RLIN) 7032
700 1# - ADDED ENTRY--PERSONAL NAME
Personal name Samper C., Alejandro,
Relator term autor
9 (RLIN) 38568
942 ## - ADDED ENTRY ELEMENTS (KOHA)
Source of classification or shelving scheme Dewey Decimal Classification
Koha item type Books
Existencias
Withdrawn status Lost status Source of classification or shelving scheme Damaged status Not for loan Home library Current library Shelving location Date acquired Source of acquisition Full call number Barcode Date last seen Copy number Price effective from Koha item type
    Dewey Decimal Classification     Biblioteca Pública José María del Castillo y Rada Biblioteca Pública José María del Castillo y Rada General Stacks 04/15/2018 Donación 338.91 / S944m 430003102 05/16/2024 Ej.1 03/10/2021 Books